[Event "Trieste op 25th"]
[Site "Trieste"]
[Date "2023.09.08"]
[Round "9"]
[White "Murphy, Conor"]
[Black "Subelj, Jan"]
[Result "1/2-1/2"]
[WhiteElo "2468"]
[BlackElo "2492"]
[PlyCount "49"]
[EventDate "2023.09.02"]
[EventType "swiss"]
[EventRounds "9"]
[EventCountry "ITA"]
[SourceTitle "EXT 2024"]
[Source "ChessBase"]
[SourceDate "2023.10.10"]
[SourceVersion "1"]
[SourceVersionDate "2023.10.10"]
[SourceQuality "1"]

1. e4 c6 2. d4 d5 3. Nd2 dxe4 4. Nxe4 Nf6 5. Nxf6+ exf6 6. Be3 Na6 7. a3 Nc7 8. Bd3 Bd6 9. Ne2 0-0 10. 0-0 Nd5 11. Bd2 f5 12. c4 Nf6 13. Qc2 Re8 14. Rad1 Bd7 15. h3 b5 16. Nc3 bxc4 17. Bxf5 Bxf5 18. Qxf5 Rb8 19. Bc1 Nd5 20. Ne4 g6 21. Qf3 Rb3 22. Qe2 c3 23. bxc3 Rxc3 24. Rfe1 f5 25. Bg5 1/2-1/2

[Event "BCF-chT 2223 (4NCL)"]
[Site "England"]
[Date "2023.04.30"]
[Round "10.4"]
[White "Gormally, Daniel"]
[Black "Murphy, Conor"]
[Result "1/2-1/2"]
[WhiteElo "2460"]
[BlackElo "2425"]
[PlyCount "123"]
[EventDate "2022.10.22"]
[EventType "team-swiss"]
[EventRounds "11"]
[EventCountry "ENG"]
[SourceTitle "EXT 2024"]
[Source "ChessBase"]
[SourceDate "2023.10.10"]
[SourceVersion "1"]
[SourceVersionDate "2023.10.10"]
[SourceQuality "1"]
[WhiteTeam "Blackthorne Russia"]
[BlackTeam "Cambridge University"]
[WhiteTeamCountry "ENG"]
[BlackTeamCountry "ENG"]

1. d4 d5 2. c4 e6 3. Nf3 Nf6 4. g3 Bb4+ 5. Bd2 a5 6. Qc2 0-0 7. Bg2 c5 8. dxc5 d4 9. 0-0 Nc6 10. Bg5 Bxc5 11. Nbd2 e5 12. Ne1 Be7 13. Bxf6 Bxf6 14. Nd3 Qc7 15. c5 Bf5 16. Be4 Bxe4 17. Nxe4 Be7 18. Qc4 Kh8 19. f4 f5 20. Nd6 Bxd6 21. cxd6 Qxd6 22. fxe5 Nxe5 23. Qc5 Qxc5 24. Nxc5 Rfc8 25. Ne6 g6 26. Nxd4 Rc4 27. Rfd1 Rac8 28. b3 Rc3 29. Nb5 Rc2 30. Nd4 R2c3 31. Nb5 R3c5 32. a4 Rc2 33. Nd4 R2c3 34. Rab1 Rd8 35. Ne6 Re8 36. Nd4 Rd8 37. Ne6 Re8 38. Nd4 Ng4 39. b4 Rc4 40. bxa5 Ne3 41. Rd3 Rxa4 42. h3 Re7 43. Nb5 Rxa5 44. Nd6 Ra4 45. Kf2 Nc2 46. Rxb7 Rxb7 47. Nxb7 Nd4 48. Nc5 Rc4 49. Nb3 Ne6 50. Nd2 Rc2 51. h4 Kg7 52. Rd7+ Kf6 53. Ke3 h6 54. Nf3 Rc3+ 55. Rd3 Rc4 56. Rd6 Ke7 57. Rd5 Re4+ 58. Kf2 Kf6 59. Rd6 g5 60. hxg5+ hxg5 61. Ra6 g4 62. Ne1 1/2-1/2

[Event "Alicante Easter op 7th"]
[Site "La Nucia"]
[Date "2023.04.07"]
[Round "5"]
[White "Murphy, Conor"]
[Black "Mendonca, Leon Luke"]
[Result "1/2-1/2"]
[WhiteElo "2450"]
[BlackElo "2596"]
[PlyCount "203"]
[EventDate "2023.04.05"]
[EventType "swiss"]
[EventRounds "9"]
[EventCountry "ESP"]
[SourceTitle "CBM 213 Extra"]
[Source "ChessBase"]
[SourceDate "2023.05.31"]
[SourceVersion "1"]
[SourceVersionDate "2023.05.31"]
[SourceQuality "1"]

1. e4 c5 2. Nf3 d6 3. Bb5+ Nd7 4. 0-0 a6 5. Bd3 Ngf6 6. Re1 e6 7. c3 b5 8. a4 c4 9. Bf1 Bb7 10. axb5 axb5 11. Rxa8 Qxa8 12. Na3 Bxe4 13. Nxb5 Bxf3 14. gxf3 Qc6 15. Qa4 d5 16. d3 Bc5 17. dxc4 dxc4 18. Qxc4 Qxf3 19. Be3 Qg4+ 20. Qxg4 Nxg4 21. Bxc5 Nxc5 22. b4 Nd7 23. c4 Ke7 24. c5 Nde5 25. Ra1 Rb8 26. Ra7+ Kf6 27. Ra6 Nf3+ 28. Kg2 Ne1+ 29. Kg3 Nh6 30. c6 Nf5+ 31. Kf4 Nc2 32. c7 Rc8 33. Ra4 Ncd4 34. Ra7 Nc6 35. Rb7 Nxb4 36. Bc4 Na6 37. Na7 Rxc7 38. Bxa6 Rc3 39. Nb5 Rh3 40. Rd7 Rxh2 41. Kf3 Rh3+ 42. Kg2 Rb3 43. Nd4 Nxd4 44. Rxd4 g6 45. Rf4+ Kg7 46. Bc8 Rc3 47. Bd7 Rc7 48. Be8 Re7 49. Bb5 Ra7 50. Rd4 Ra5 51. Rb4 h6 52. Kg3 Ra3+ 53. Kg2 Ra7 54. Rd4 Ra5 55. Rb4 Ra8 56. Rd4 Rb8 57. Ba4 g5 58. Bd1 Kg6 59. Bc2+ f5 60. Rd6 Kf6 61. Bd3 Rb4 62. Rc6 Rg4+ 63. Kh2 Rh4+ 64. Kg2 Rg4+ 65. Kh2 Rf4 66. Kg2 h5 67. Bc4 Rg4+ 68. Kf1 Re4 69. f3 Re5 70. Rc8 g4 71. fxg4 hxg4 72. Kf2 Re4 73. Bd3 Rf4+ 74. Ke3 Rf3+ 75. Ke2 Rf4 76. Ke3 Rb4 77. Bc4 e5 78. Rf8+ Kg5 79. Be6 f4+ 80. Kf2 g3+ 81. Kf1 Rb1+ 82. Kg2 Rb2+ 83. Kg1 Re2 84. Rf5+ Kg6 85. Rf8 Rd2 86. Bc8 Rb2 87. Bd7 Re2 88. Bc8 Kg5 89. Rf5+ Kh6 90. Rf6+ Kg7 91. Rf5 Kg6 92. Rf8 Rf2 93. Bb7 Kg5 94. Be4 Re2 95. Rf5+ Kg4 96. Rxe5 Re1+ 97. Kg2 Re2+ 98. Kg1 f3 99. Bxf3+ Kxf3 100. Rxe2 Kxe2 101. Kg2 Kd2 102. Kxg3 1/2-1/2

[Event "Hastings Masters op"]
[Site "Hastings"]
[Date "2023.01.05"]
[Round "9"]
[White "Gormally, Daniel"]
[Black "Murphy, Conor"]
[Result "1-0"]
[WhiteElo "2450"]
[BlackElo "2422"]
[PlyCount "75"]
[EventDate "2022.12.28"]
[EventType "swiss"]
[EventRounds "10"]
[EventCountry "ENG"]
[SourceTitle "CBM 212 Extra"]
[Source "ChessBase"]
[SourceDate "2023.03.31"]
[SourceVersion "1"]
[SourceVersionDate "2023.03.31"]
[SourceQuality "1"]

1. e4 e5 2. f4 d5 3. exd5 e4 4. d3 Qxd5 5. Qe2 Nf6 6. Nc3 Bb4 7. Bd2 Bxc3 8. Bxc3 0-0 9. Bxf6 exd3 10. Qxd3 Qxd3 11. Bxd3 gxf6 12. 0-0-0 Nd7 13. c3 Nc5 14. Bc2 Re8 15. Nf3 Bg4 16. Rhf1 Re2 17. Nd4 Ree8 18. Rd2 Ne4 19. Rd3 c5 20. Nf3 Be6 21. Re1 f5 22. Nh4 Bxa2 23. Nxf5 Nf6 24. Re5 Kf8 25. Rh3 Bd5 26. Rh6 Ng8 27. Rxe8+ Rxe8 28. Rxh7 Re2 29. g4 c4 30. Rh8 f6 31. h4 Rh2 32. Nd4 Rf2 33. h5 Rxf4 34. Bf5 Rf1+ 35. Kd2 Ke7 36. h6 Nxh6 37. Rxh6 Rf2+ 38. Kc1 1-0

[Event "Hastings Masters op"]
[Site "Hastings"]
[Date "2023.01.04"]
[Round "8"]
[White "Murphy, Conor"]
[Black "Walker, Martin Graham"]
[Result "1-0"]
[WhiteElo "2422"]
[BlackElo "2100"]
[PlyCount "73"]
[EventDate "2022.12.28"]
[EventType "swiss"]
[EventRounds "10"]
[EventCountry "ENG"]
[SourceTitle "CBM 212 Extra"]
[Source "ChessBase"]
[SourceDate "2023.03.31"]
[SourceVersion "1"]
[SourceVersionDate "2023.03.31"]
[SourceQuality "1"]

1. d4 Nf6 2. c4 g6 3. Nc3 d5 4. cxd5 Nxd5 5. Bd2 Bg7 6. e4 Nxc3 7. Bxc3 c5 8. d5 0-0 9. Qd2 Qd6 10. Bxg7 Kxg7 11. f4 e6 12. Bc4 exd5 13. Bxd5 Nc6 14. Ne2 Be6 15. Bxc6 Qxc6 16. f5 gxf5 17. 0-0 f6 18. exf5 Bc4 19. Rfe1 Bxe2 20. Qxe2 Rae8 21. Qg4+ Kh8 22. Re6 Rxe6 23. fxe6 Re8 24. Re1 Qd5 25. Qe2 Qxa2 26. e7 Qd5 27. Kh1 Qe5 28. Qd2 Qd4 29. Qh6 Kg8 30. Qh5 Qd7 31. Qxc5 Qd2 32. Qc4+ Kh8 33. Qe6 Kg7 34. h3 Qd4 35. Re4 Qd1+ 36. Kh2 h5 37. Rf4 1-0

[Event "Hastings Masters op"]
[Site "Hastings"]
[Date "2023.01.03"]
[Round "7"]
[White "Grieve, Harry"]
[Black "Murphy, Conor"]
[Result "0-1"]
[WhiteElo "2438"]
[BlackElo "2422"]
[PlyCount "180"]
[EventDate "2022.12.28"]
[EventType "swiss"]
[EventRounds "10"]
[EventCountry "ENG"]
[SourceTitle "CBM 212 Extra"]
[Source "ChessBase"]
[SourceDate "2023.03.31"]
[SourceVersion "1"]
[SourceVersionDate "2023.03.31"]
[SourceQuality "1"]

1. e4 e5 2. Nf3 Nf6 3. d4 Nxe4 4. Bd3 Nc6 5. 0-0 d5 6. Nxe5 Nxd4 7. c3 Ne6 8. Bxe4 dxe4 9. Qa4+ c6 10. Qxe4 Be7 11. Nd2 0-0 12. Ndf3 f6 13. Nd3 Re8 14. Be3 Bd6 15. Qc4 Qe7 16. Rad1 Qf7 17. h3 Bf8 18. b3 Nc7 19. Qxf7+ Kxf7 20. c4 b6 21. Rd2 Bb7 22. Rfd1 Be7 23. Nd4 g6 24. Bf4 Na6 25. Nc2 Rad8 26. Bg3 Bc8 27. Kf1 Bf5 28. Ne3 Be6 29. Ke2 Nb4 30. Bc7 Rc8 31. Bg3 Rcd8 32. Bc7 Rc8 33. Bg3 Nxd3 34. Rxd3 b5 35. Kf1 Bc5 36. Rc1 Ba3 37. Rcd1 Bc5 38. Rc1 g5 39. h4 h6 40. hxg5 hxg5 41. Bd6 Rcd8 42. Rcd1 Bxe3 43. Rxe3 bxc4 44. Rd4 cxb3 45. axb3 Bd5 46. Rxe8 Kxe8 47. Bc5 a5 48. Ra4 Rb8 49. Rxa5 Rxb3 50. Ra7 Rb1+ 51. Ke2 Bxg2 52. Re7+ Kd8 53. Rf7 Rb2+ 54. Ke1 Rb1+ 55. Kd2 Rb5 56. Be3 Rf5 57. Bd4 c5 58. Bxf6+ Ke8 59. Re7+ Kf8 60. Re5 Rxf2+ 61. Kc3 Rf3+ 62. Kc4 Rxf6 63. Rxg5 Bf1+ 64. Kxc5 Ke7 65. Re5+ Kd7 66. Rd5+ Kc7 67. Rg5 Rc6+ 68. Kd5 Bc4+ 69. Kd4 Kd6 70. Ra5 Be6 71. Ra4 Bd5 72. Rb4 Ra6 73. Rb8 Ra4+ 74. Ke3 Ke5 75. Re8+ Be6 76. Rd8 Re4+ 77. Kd3 Rh4 78. Kc3 Rh1 79. Re8 Rh3+ 80. Kd2 Kd5 81. Rd8+ Kc4 82. Ke2 Bd5 83. Kf2 Kd4 84. Ke2 Rh2+ 85. Kf1 Ke4 86. Kg1 Rd2 87. Re8+ Kf3 88. Rf8+ Ke3 89. Rf2 Rd4 90. Rf8 Rh4 0-1

[Event "Hastings Masters op"]
[Site "Hastings"]
[Date "2023.01.01"]
[Round "5"]
[White "Chan, Kim Yew"]
[Black "Murphy, Conor"]
[Result "1-0"]
[WhiteElo "2289"]
[BlackElo "2422"]
[PlyCount "75"]
[EventDate "2022.12.28"]
[EventType "swiss"]
[EventRounds "10"]
[EventCountry "ENG"]
[SourceTitle "CBM 212 Extra"]
[Source "ChessBase"]
[SourceDate "2023.03.31"]
[SourceVersion "1"]
[SourceVersionDate "2023.03.31"]
[SourceQuality "1"]

1. Nf3 d5 2. d4 Nf6 3. c4 e6 4. g3 Bb4+ 5. Bd2 Be7 6. Bg2 0-0 7. 0-0 c6 8. Qc2 a5 9. Bg5 Nbd7 10. Nbd2 h6 11. Bxf6 Nxf6 12. e4 b6 13. Rfd1 Ba6 14. Rac1 Rc8 15. Ne5 Bb7 16. Qb1 dxc4 17. Ndxc4 b5 18. Ne3 Qb6 19. Nd3 Rfd8 20. Nc5 e5 21. Nxb7 Rxd4 22. Rxd4 exd4 23. Nf5 Qxb7 24. e5 Nh7 25. Nxd4 Rd8 26. Nxc6 Rd2 27. Qf5 Bf8 28. h4 a4 29. Be4 g6 30. Qf4 Rxb2 31. e6 fxe6 32. Ne5 Qg7 33. Bxg6 Nf6 34. Bf7+ Kh8 35. Ng6+ Kh7 36. Nxf8+ Kh8 37. Nxe6 Qxf7 38. Qxh6+ 1-0

[Event "Eberstadt"]
[Site "Eberstadt"]
[Date "2022.09.04"]
[Round "9"]
[White "Rogic, Davor"]
[Black "Murphy, Conor"]
[Result "1-0"]
[WhiteElo "2458"]
[BlackElo "2391"]
[PlyCount "95"]
[EventDate "2022.08.27"]
[EventType "tourn"]
[EventRounds "9"]
[EventCountry "GER"]
[EventCategory "5"]
[SourceTitle "CBM 210 Extra"]
[Source "ChessBase"]
[SourceDate "2022.11.30"]
[SourceVersion "1"]
[SourceVersionDate "2022.11.30"]
[SourceQuality "1"]

1. e4 e5 2. Nf3 Nc6 3. Bb5 Nf6 4. d3 Bc5 5. c3 0-0 6. 0-0 d5 7. Nbd2 Re8 8. Qc2 a6 9. Bxc6 bxc6 10. d4 dxe4 11. Nxe5 Bd6 12. Ndc4 c5 13. Bg5 Be6 14. Rad1 Bxc4 15. Nxc4 Bxh2+ 16. Kh1 Qd5 17. Bxf6 Qh5 18. Rfe1 Be5+ 19. Kg1 Qh2+ 20. Kf1 Bxf6 21. Ne3 Bg5 22. dxc5 Bxe3 23. Rxe3 Qh1+ 24. Ke2 Qxg2 25. Rd4 Qg4+ 26. Kf1 h5 27. Rdxe4 Rxe4 28. Qxe4 Qd1+ 29. Re1 Qd8 30. b4 Rb8 31. a4 Qd7 32. Qf3 Rd8 33. a5 g6 34. Qf6 Qd5 35. Kg1 c6 36. Re7 Rf8 37. Kh2 Qd2 38. Rc7 Qd5 39. Rxc6 Re8 40. Rd6 Qe4 41. Rd7 Qc4 42. c6 Rf8 43. c7 Kh7 44. b5 axb5 45. a6 h4 46. Rd4 Qxc7+ 47. Kg1 g5 48. Qxg5 1-0

[Event "Eberstadt"]
[Site "Eberstadt"]
[Date "2022.08.29"]
[Round "3"]
[White "Murphy, Conor"]
[Black "Miezis, Normunds"]
[Result "1/2-1/2"]
[WhiteElo "2391"]
[BlackElo "2444"]
[PlyCount "199"]
[EventDate "2022.08.27"]
[EventType "tourn"]
[EventRounds "9"]
[EventCountry "GER"]
[EventCategory "5"]
[SourceTitle "CBM 210 Extra"]
[Source "ChessBase"]
[SourceDate "2022.11.30"]
[SourceVersion "1"]
[SourceVersionDate "2022.11.30"]
[SourceQuality "1"]

1. e4 c5 2. Nf3 e6 3. d4 cxd4 4. Nxd4 a6 5. Bd3 g6 6. 0-0 Bg7 7. Be3 Ne7 8. c4 0-0 9. Nc3 d6 10. Qd2 Nd7 11. Rad1 Ne5 12. Be2 f5 13. Nb3 Nf7 14. c5 dxc5 15. Bxc5 Qc7 16. Na4 b5 17. Nb6 Rb8 18. Nxc8 Rfxc8 19. exf5 Nxf5 20. Bg4 a5 21. Rc1 a4 22. Bxf5 gxf5 23. Be3 Qd6 24. Qxd6 Nxd6 25. Nc5 e5 26. b3 f4 27. Bd2 Nf5 28. Na6 Rxc1 29. Rxc1 Rd8 30. Bc3 axb3 31. axb3 Rc8 32. Bd2 Rxc1+ 33. Bxc1 Nd4 34. Bb2 Nxb3 35. Nc7 e4 36. Bxg7 Kxg7 37. Nxb5 Nd2 38. Nc3 Kf6 39. Ne2 Ke5 40. h3 h6 41. Nc3 h5 42. Ne2 h4 43. Nc3 f3 44. Nb5 Nb3 45. Na3 Kd4 46. Nc2+ Kd3 47. Ne3 Nd4 48. Kf1 Kd2 49. Nc4+ Kc3 50. Ne3 Kd3 51. Ng4 Nc6 52. Ne3 Ne7 53. Ng4 Ng6 54. Ne3 Nf4 55. gxf3 exf3 56. Nf5 Ng6 57. Kg1 Ke4 58. Nd6+ Kf4 59. Nc4 Ne5 60. Nd6 Nd3 61. Nc4 Nc1 62. Nd2 Ne2+ 63. Kf1 Nd4 64. Nc4 Ne6 65. Kg1 Ng5 66. Kh2 Ke4 67. Nd6+ Ke5 68. Ne8 Ne6 69. Kg1 Ng5 70. Kh2 Kf4 71. Nf6 Ne4 72. Ng4 Nc5 73. Kg1 Ke4 74. Nh6 Ne6 75. Kh2 Nf4 76. Nf7 Kd3 77. Nd6 Ng6 78. Kg1 Ne7 79. Kf1 Kd4 80. Kg1 Kd5 81. Nf7 Nc6 82. Kf1 Nd4 83. Nh8 Nf5 84. Ng6 Ke6 85. Kg1 Kf6 86. Nf4 Nd4 87. Nd5+ Kf5 88. Ne7+ Kf6 89. Nd5+ Ke6 90. Nf4+ Kf5 91. Nd5 Ke4 92. Ne7 Ne2+ 93. Kh2 Nf4 94. Ng8 Kd3 95. Ne7 Ke4 96. Ng8 Nd5 97. Nh6 Ne7 98. Kg1 Ng6 99. Kh2 Nf4 100. Ng8 1/2-1/2

[Event "London Wood Green"]
[Site "London"]
[Date "2022.07.18"]
[Round "7"]
[White "Murphy, Conor"]
[Black "Urh, Zala"]
[Result "1-0"]
[WhiteElo "2404"]
[BlackElo "2321"]
[PlyCount "87"]
[EventDate "2022.07.14"]
[EventType "tourn"]
[EventRounds "9"]
[EventCountry "ENG"]
[EventCategory "6"]
[SourceTitle "CBM 209 Extra"]
[Source "ChessBase"]
[SourceDate "2022.09.30"]
[SourceVersion "1"]
[SourceVersionDate "2022.09.30"]
[SourceQuality "1"]

1. e4 c6 2. d4 d5 3. e5 Bf5 4. Nf3 e6 5. Be2 Nd7 6. 0-0 Bg6 7. Nbd2 Nh6 8. Nb3 Nf5 9. Bd2 Be7 10. Ne1 c5 11. c3 h5 12. Nxc5 Bxc5 13. dxc5 Nxe5 14. Bb5+ Kf8 15. Bf4 Nc6 16. Qa4 Rc8 17. Nf3 f6 18. Nd4 Nfxd4 19. cxd4 a6 20. Bxc6 Rxc6 21. b4 Bd3 22. Rfe1 g5 23. Bd6+ Kf7 24. Qb3 Bc4 25. Qe3 Qd7 26. f4 gxf4 27. Qxf4 Bd3 28. Re3 Bf5 29. a4 Rcc8 30. Qf1 Rcg8 31. b5 a5 32. Rc1 Rg4 33. Bf4 Rc8 34. Rg3 Qe8 35. Rxg4 Bxg4 36. Qe1 Qg8 37. c6 bxc6 38. b6 Rb8 39. Bxb8 Qxb8 40. Qxa5 Qf4 41. Qc3 h4 42. b7 h3 43. gxh3 Be2 44. Rb1 1-0

[Event "Krakow op-A"]
[Site "Krakow"]
[Date "2022.07.01"]
[Round "8"]
[White "Turski, Bartlomiej"]
[Black "Murphy, Conor"]
[Result "1-0"]
[WhiteElo "2192"]
[BlackElo "2393"]
[PlyCount "53"]
[EventDate "2022.06.25"]
[EventType "swiss"]
[EventRounds "9"]
[EventCountry "POL"]
[SourceTitle "CBM 209 Extra"]
[Source "ChessBase"]
[SourceDate "2022.09.30"]
[SourceVersion "1"]
[SourceVersionDate "2022.09.30"]
[SourceQuality "1"]

1. e4 e5 2. Nf3 Nc6 3. Bc4 Nf6 4. Ng5 d5 5. exd5 Na5 6. Bb5+ c6 7. dxc6 bxc6 8. Bd3 Nd5 9. Nf3 Bd6 10. 0-0 0-0 11. Re1 f5 12. Nxe5 Qf6 13. Nf3 g5 14. g3 f4 15. Nc3 fxg3 16. hxg3 Nxc3 17. dxc3 g4 18. Bxh7+ Kxh7 19. Ng5+ Kg8 20. Ne4 Qg6 21. Qxd6 Bf5 22. Qxg6+ Bxg6 23. Bh6 Rf3 24. Bf4 Rf8 25. Nd2 R3xf4 26. gxf4 Bxc2 27. Re5 1-0

[Event "Krakow op-A"]
[Site "Krakow"]
[Date "2022.06.30"]
[Round "7"]
[White "Murphy, Conor"]
[Black "Piekielny, Pawel"]
[Result "1/2-1/2"]
[WhiteElo "2393"]
[BlackElo "2230"]
[PlyCount "109"]
[EventDate "2022.06.25"]
[EventType "swiss"]
[EventRounds "9"]
[EventCountry "POL"]
[SourceTitle "CBM 209 Extra"]
[Source "ChessBase"]
[SourceDate "2022.09.30"]
[SourceVersion "1"]
[SourceVersionDate "2022.09.30"]
[SourceQuality "1"]

1. e4 c6 2. Nf3 d5 3. d3 dxe4 4. dxe4 Qxd1+ 5. Kxd1 Bg4 6. Ke1 Bxf3 7. gxf3 g6 8. Nd2 Bh6 9. a4 Nd7 10. Nc4 Bxc1 11. Rxc1 Ngf6 12. Kd2 Nb6 13. Ke3 Nxc4+ 14. Bxc4 a5 15. f4 e6 16. h4 Ke7 17. Be2 h5 18. Rhg1 Rad8 19. Rg5 Ra8 20. Rd1 b6 21. Rd3 Rhd8 22. Rb3 Rab8 23. f5 gxf5 24. exf5 e5 25. Rd3 Rxd3+ 26. Bxd3 Rd8 27. c3 Nd5+ 28. Ke4 Nf4 29. f6+ Kxf6 30. Bc4 Ne6 31. Rf5+ Ke7 32. Rxe5 Rd2 33. f4 Kf6 34. b3 Rc2 35. Rf5+ Kg6 36. Re5 Kf6 37. Rxh5 Rxc3 38. Rf5+ Ke7 39. Re5 Kf6 40. Rf5+ Ke7 41. Re5 Kf6 42. Rh5 Kg6 43. Rh8 Nc5+ 44. Kd4 Rf3 45. h5+ Kg7 46. Rc8 Nxb3+ 47. Ke5 Re3+ 48. Kd6 Nd4 49. Rc7 b5 50. Bxf7 Nf5+ 51. Kc5 Re7 52. Rxe7 Nxe7 53. Bb3 bxa4 54. Bxa4 Nd5 55. Bxc6 1/2-1/2